Loading...
Science - Physics | 0 | 6 | 0 | 0 | 60 | 42 | 54.00 | 2 | 4 |
Science - Chemistry | 0 | 7 | 2 | 0 | 60 | 33 | 56.43 | 2 | 4 |
Mythology | 0 | 5 | 0 | 0 | 50 | 20 | 43.60 | 4 | 4 |
Science - Biology | 0 | 5 | 1 | 1 | 45 | 79 | 88.00 | 0 | 1 |
Literature - World/Other Literature | 0 | 4 | 0 | 1 | 40 | 68 | 97.00 | 0 | 1 |
Science - Other Science | 0 | 3 | 0 | 0 | 30 | 13 | 60.33 | 1 | 1 |
Fine Arts - Classical Music | 0 | 2 | 0 | 0 | 20 | 49 | 82.50 | 1 | 1 |
Fine Arts - Other Fine Arts | 0 | 2 | 0 | 0 | 20 | 64 | 98.50 | 0 | 1 |
Literature - British Literature | 0 | 2 | 0 | 0 | 20 | 124 | 124.50 | 0 | 0 |
History - Other History | 0 | 2 | 1 | 1 | 15 | 19 | 31.50 | 1 | 2 |
Religion | 0 | 1 | 0 | 0 | 10 | 84 | 84.00 | 1 | 1 |
Philosophy | 0 | 1 | 0 | 0 | 10 | 79 | 79.00 | 0 | 0 |
Literature - European Literature | 0 | 1 | 0 | 1 | 10 | 128 | 128.00 | 0 | 0 |
Fine Arts - Visual Fine Arts | 0 | 1 | 0 | 0 | 10 | 64 | 64.00 | 0 | 1 |
Social Science | 0 | 1 | 0 | 0 | 10 | 86 | 86.00 | 0 | 0 |